| 000 | 01746nam a2200229Ia 4500 | ||
|---|---|---|---|
| 003 | Ost | ||
| 005 | 20260507075140.0 | ||
| 008 | 260507s9999||||xx |||||||||||||| ||und|| | ||
| 040 | _cfsecg | ||
| 041 | _aara | ||
| 082 | _a330 | ||
| 100 |
_aعبد الحميد، عبد المطلب _eمؤلف |
||
| 245 | 0 |
_aاقتصاديات النقود والبنوك : _bالأساسيات والمستحدثات / _c عبد المطلب عبد الحميد |
|
| 260 |
_aالاسكندرية: _bالدار الجامعية, _c2009 |
||
| 300 |
_a410 صفحة؛ _bإيضاحات ؛ _c24 سم |
||
| 504 | _aالمراجع ص.405 | ||
| 520 | _aالنقود والبنوك وعلاقتها بالإقتصاد والنشاط الإقتصادي- التعريف بالنقود وتطورها ووظائفها- أنواع النقود وإقتصادياتها- التعريف بالبنوك وأنواعها ووظائفها- الإئتمان المصرفي وأهدافه وأنواعه ومخاطره- إقتصاديات البنوك التجارية- الإدارة المصرفية لموارد وإستخدمات البنك التجاري للموازنة- البنوك التجارية وخلق النقود- السياسة النقدية- النظرية الكلاسيكية والحديثة والمعاصرة- التضخم أنواعه، أسبابه وآثاره- النظام النقدي الدولي والمؤسسات النقدية والمصرفية الدولية- مقررات ومعايير لجنة بازل المصرفية لإدارة المخاطر والإصلاح المصرفي | ||
| 653 | _aإقتصاديات -النقود | ||
| 653 | _aالسياسة النقدية | ||
| 653 | _aالنقود والبنوك | ||
| 942 | _cكتاب | ||
| 999 |
_c43292 _d43292 |
||